Normal view
MARC view
- Jain`s R. K
Entry Personal Name
001 - CONTROL NUMBER
- control field: 3916
003 - CONTROL NUMBER IDENTIFIER
- control field: OSt
005 - DATE AND TIME OF LATEST TRANSACTION
- control field: 20170822152345.0
008 - FIXED-LENGTH DATA ELEMENTS
- fixed length control field: 170822|| aca||aabn | a|a d
040 ## - CATALOGING SOURCE
- Original cataloging agency: OSt
- Transcribing agency: OSt
100 ## - HEADING--PERSONAL NAME
- Personal name: Jain`s R. K
670 ## - SOURCE DATA FOUND
- Source citation: Work cat.: (OSt): Jain`s R. K, Customs Law Manual, 2004